Memòria de pràctiques : Arxiu Històric de la Diputació de Barcelona : curs 2007 - 2008 / Laia Martí i Enrich Arxiu Històric de la Diputació de Barcelona :
Descripción Física:
40 f. mecanografiats, [10] f. ; 30 cm
MARC
| LEADER | 00000nam a2200000Ia 4500 | ||
|---|---|---|---|
| 001 | 19850 | ||
| 008 | 160829s2008 xx 000 0 cat d | ||
| 080 | |a A-2-310 | ||
| 100 | |a Martí i Enrich, Laia |9 43866 | ||
| 245 | |a Memòria de pràctiques : |b Arxiu Històric de la Diputació de Barcelona : |b curs 2007 - 2008 / Laia Martí i Enrich | ||
| 260 | |a Barcelona : |b [s.n], |c 2008 | ||
| 300 | |a 40 f. mecanografiats, [10] f. ; |c 30 cm | ||
| 590 | |a Memòria de les pràctiques de l'assignatura Pràcticum de la Facultat de Biblioteconomia i Documentació de la Universitat de Barcelona. Professora: Anna Rubió Rodon | ||
| 610 | 1 | 0 | |a Arxiu General de la Diputació de Barcelona |9 52704 |
| 655 | 0 | |9 55931 |a Tesis i dissertacions acadèmiques | |
| 710 | 1 | |a Universitat de Barcelona. |b Facultat de Biblioteconomia i Documentació |9 53663 | |
| 901 | |a Arxiu | ||
| 942 | |n 1 |2 udc | ||
| 952 | |0 0 |1 0 |4 0 |6 A2310 |7 1 |9 51653 |a Arxiu |b Arxiu |d 2016-12-01 |l 0 |o A-2-310 |p 19850 |r 2016-12-01 00:00:00 |w 2016-12-01 |y ARXIU | ||
| 999 | |c 55498 |d 55498 | ||